[Event "Livingston Allegro op"]
[Site "Livingston"]
[Date "2023.04.02"]
[Round "2"]
[White "Kopernicky, Martin"]
[Black "Webb, Hunter"]
[Result "1-0"]
[WhiteElo "1620"]
[BlackElo "1848"]
[PlyCount "60"]
[EventDate "2023.04.02"]
[EventType "swiss (rapid)"]
[EventRounds "5"]
[EventCountry "SCO"]
[SourceTitle "CBM 213 Extra"]
[Source "ChessBase"]
[SourceDate "2023.05.31"]
[SourceVersion "1"]
[SourceVersionDate "2023.05.31"]
[SourceQuality "1"]

1. d4 g6 2. c4 Bg7 3. Nc3 d6 4. e4 Nf6 5. h3 Nc6 6. Nf3 0-0 7. Bg5 Re8 8. Be2 b6 9. 0-0 Bb7 10. d5 Nb8 11. Nd2 Nfd7 12. Qc2 a6 13. Rae1 c6 14. f4 Bd4+ 15. Kh1 a5 16. Nf3 Bc5 17. e5 f6 18. e6 fxg5 19. Nxg5 Nf6 20. Nf7 Qc7 21. f5 Nbd7 22. exd7 Qxd7 23. fxg6 h5 24. Nh6+ Kg7 25. Nf5+ Kg8 26. Qd2 e5 27. Qh6 Re7 28. Nxe7+ Qxe7 29. Rf4 Ng4 30. Rxg4 Qf6 1-0

[Event "Dundee Allegro op"]
[Site "Dundee"]
[Date "2023.03.05"]
[Round "3"]
[White "Flood, Raymond"]
[Black "Webb, Hunter"]
[Result "0-1"]
[WhiteElo "1552"]
[BlackElo "1464"]
[PlyCount "64"]
[EventDate "2023.03.05"]
[EventType "swiss"]
[EventRounds "5"]
[EventCountry "SCO"]
[SourceTitle "CBM 213 Extra"]
[Source "ChessBase"]
[SourceDate "2023.05.31"]
[SourceVersion "1"]
[SourceVersionDate "2023.05.31"]
[SourceQuality "1"]

1. e4 g6 2. d4 Bg7 3. Nc3 d6 4. Nf3 Nf6 5. Be3 0-0 6. Be2 Nbd7 7. Qd2 e5 8. dxe5 Nxe5 9. 0-0 Re8 10. Rad1 Bd7 11. Nxe5 dxe5 12. Bg5 Be6 13. Bb5 c6 14. Qe2 Qb6 15. Be3 Qc7 16. Bc4 Bxc4 17. Qxc4 a6 18. f3 b5 19. Qc5 Bf8 20. Qb6 Qxb6 21. Bxb6 g5 22. a4 Kg7 23. Rd3 Kg6 24. Rfd1 Nh5 25. Rd7 Nf4 26. Rc7 Rec8 27. Rdd7 Ne6 28. Rb7 Rab8 29. Rxf7 b4 30. Ne2 Rxb7 31. Rxb7 Nc5 32. a5 Nxb7 0-1

[Event "Dundee Allegro op"]
[Site "Dundee"]
[Date "2023.03.05"]
[Round "2"]
[White "Webb, Hunter"]
[Black "Findlay, David John"]
[Result "0-1"]
[WhiteElo "1464"]
[BlackElo "2176"]
[PlyCount "46"]
[EventDate "2023.03.05"]
[EventType "swiss"]
[EventRounds "5"]
[EventCountry "SCO"]
[SourceTitle "CBM 213 Extra"]
[Source "ChessBase"]
[SourceDate "2023.05.31"]
[SourceVersion "1"]
[SourceVersionDate "2023.05.31"]
[SourceQuality "1"]

1. g3 d5 2. Bg2 e5 3. d3 Nf6 4. Nf3 Nc6 5. 0-0 Be7 6. Nbd2 0-0 7. c4 Re8 8. cxd5 Nxd5 9. e4 Ndb4 10. Nc4 Nxd3 11. Qc2 Ndb4 12. Qc3 Nd4 13. Nxd4 exd4 14. Qf3 Be6 15. b3 c5 16. a3 Nc6 17. e5 Qd7 18. Bf4 Rad8 19. Rfd1 Bd5 20. Qh5 Bxg2 21. Kxg2 Qd5+ 22. Kg1 g6 23. Qg4 Qe6 0-1

[Event "Dundee Allegro op"]
[Site "Dundee"]
[Date "2023.03.05"]
[Round "4"]
[White "Webb, Hunter"]
[Black "Kosznik, Dariusz"]
[Result "1-0"]
[WhiteElo "1464"]
[BlackElo "1761"]
[PlyCount "57"]
[EventDate "2023.03.05"]
[EventType "swiss"]
[EventRounds "5"]
[EventCountry "SCO"]
[SourceTitle "CBM 213 Extra"]
[Source "ChessBase"]
[SourceDate "2023.05.31"]
[SourceVersion "1"]
[SourceVersionDate "2023.05.31"]
[SourceQuality "1"]

1. g3 e5 2. Bg2 Nf6 3. d3 c6 4. Nf3 Qc7 5. Nbd2 d5 6. b3 Bd6 7. e4 0-0 8. 0-0 Nbd7 9. Bb2 d4 10. Rc1 b5 11. c3 Nc5 12. Qe2 Bg4 13. cxd4 exd4 14. h3 Bxf3 15. Nxf3 Rae8 16. Bxd4 Ne6 17. Bb2 Nh5 18. e5 Bc5 19. d4 Bb6 20. Rfd1 Qd7 21. Kh1 Nc7 22. Ba3 Nd5 23. Bxf8 Rxf8 24. e6 fxe6 25. Ne5 Qe8 26. Bxd5 exd5 27. Kg2 Nf6 28. f3 Qh5 29. Ng4 1-0